Najkrajšie cyklotrasy Podjavorinsko a Považie : [25 cyklistických trás]

Bibliographic Details
Main Authors: Kollár, Daniel, 1963- (Author, Compiler, Photographer, Editor), Turanský, František (Author, Compiler, Photographer)
Format: Book
Language:Slovak
PhysicalDescription:158 s. fotogr., ilustr., mp. 22 cm
Published: Bratislava Dajama 2016
ISBN:9788081360602 (brož.)
Edition:1. vyd.
Series:Po Slovensku
Subjects:

MARC

LEADER 00000cam a2200000 a 4500
001 vtls011553075
003 SK-MaSNL
005 20260302020412.0
008 200115s2016 xo oab g 001 0 slo
015 |a SNBA2017/04 
020 |a 9788081360602 (brož.) 
035 |a urn:nbn:sk:snk-am00cx0a 
035 |a urn:nbn:sk:snk-am3hmp4 
035 |a E36AA8D0-E30C-4A8C-A448-03A80C04FA2E 
040 |a SNK  |b slo  |c SNK  |e AACR2 
041 0 |a slo 
043 |a e-xo--- 
044 |a xo  |c SK 
072 7 |a 796  |x Šport. Hry. Telesné cvičenia  |2 konspekt 
080 |a 796.61  |2 2011 
080 |a 625.711.4  |2 2011 
080 |a (437.6)  |2 2011 
080 |a (036)913  |2 2011 
100 1 |a Kollár, Daniel,  |d 1963-  |4 aut  |4 com  |4 pht  |4 edt  |4 lso  |9 99818 
245 1 0 |a Najkrajšie cyklotrasy  |b Podjavorinsko a Považie : [25 cyklistických trás]  |c [autori textu a zostavovatelia] Daniel Kollár, František Turanský ; [zodpovedný redaktor a editor: Daniel Kolláar ; fotografie: Daniel Kollár ... [et al.]] 
246 3 0 |a Podjavorinsko a Považie 
250 |a 1. vyd. 
260 |a Bratislava  |b Dajama  |c 2016 
300 |a 158 s.  |b fotogr., ilustr., mp.  |c 22 cm 
490 1 |a Po Slovensku 
504 |a Bibliogr.: s. 157 ; reg. 
650 0 7 |a cykloturistika  |2 SNKPH  |9 3264 
650 0 7 |a cyklotrasy  |2 SNKPH  |9 87011 
650 0 7 |a Bicycle touring  |2 SNKPHeng  |9 332767 
650 0 7 |a Biking trails  |2 SNKPHeng  |9 338129 
651 7 |a Považie (Slovensko : región)  |2 SNKPHgeo  |9 169105 
651 7 |a Považie (Slovakia : region)  |2 SNKPHeng  |9 169103 
651 7 |a Veľká Javorina (Biele Karpaty, Česko a Slovensko : vrch)  |2 SNKPHgeo  |9 17923 
655 7 |a turistickí sprievodcovia (publikácie)  |2 SNKPH  |9 191298 
655 7 |a Tourist guidebooks  |2 SNKPHeng  |9 291226 
700 1 |a Turanský, František  |4 aut  |4 com  |4 pht  |9 338130 
830 0 |a Po Slovensku  |9 332800 
852 |a Štátna vedecká knižnica v Banskej Bystrici 
919 |a 978-80-8136-060-2 
958 |a NB 
999 |c 1025002  |d 1026932 
952 |a SNK  |b SNK  |y PREZ  |7 0  |p 17A1255979  |o snkSC 173854  |i snk2017/7490  |8 0  |0 0  |1 0  |4 0  |d 2017-03-27  |f 1  |l 0  |r 2025-09-11 00:00:00  |w 2026-02-24 
952 |a SNK  |b SNK  |y VYP  |7 0  |p 17A1255980  |o snkSC 173854 D1  |i snk2017/7491  |8 0  |0 0  |1 0  |4 0  |d 2017-03-27  |l 0  |r 2026-02-24 13:36:12  |w 2026-02-24